| 000 | 00499cam a2200157u 4500 | ||
|---|---|---|---|
| 082 |
_a621.381528 _bGIL _cL-11, P-56 |
||
| 100 | 1 |
_aGillie, Angelo C. [from old catalog] _941609 |
|
| 245 | 1 | 0 | _aHow tubes and transistors amplify. |
| 260 |
_aUSA _bEnglewood Cliffs, N.J _c1959 |
||
| 300 |
_axvi, 262 p. _billus. _c25 cm. |
||
| 526 |
_a0 _b0 _c0 _d621_381528000000000_GIL |
||
| 650 | 0 |
_aAmplifiers (Electronics) _941610 |
|
| 650 | 0 |
_aTransistors. _941555 |
|
| 650 | 0 |
_aVacuum-tubes. _941611 |
|
| 942 |
_2ddc _cBK |
||
| 999 |
_c545672 _d545672 |
||